THE THREE BEARS AND GOLDILOCKS (Record no. 2494)
[ view plain ]
| 000 -LEADER | |
|---|---|
| fixed length control field | 00301nam a22001217a 4500 |
| 020 ## - INTERNATIONAL STANDARD BOOK NUMBER | |
| ISBN | 978-0-00-789241-9 |
| 082 ## - DEWEY DECIMAL CLASSIFICATION NUMBER | |
| Classification number | 823 |
| Item number | LAN/T |
| 100 ## - MAIN ENTRY--AUTHOR NAME | |
| Personal name | LANGLEY, JONATHAN |
| 245 ## - TITLE STATEMENT | |
| Title | THE THREE BEARS AND GOLDILOCKS |
| 260 ## - PUBLICATION, DISTRIBUTION, ETC. (IMPRINT) | |
| Place of publication | THAILAND |
| Name of publisher | HAPPER COLLINS |
| 650 ## - SUBJECT ADDED ENTRY--TOPICAL TERM | |
| Topical Term | ENGLISH SHORT STORY |
| Geographic subdivision | THAILAND |
| 942 ## - ADDED ENTRY ELEMENTS (KOHA) | |
| Koha item type | Books |
| Withdrawn status | Lost status | Collection code | Home library | Current library | Shelving location | Date acquired | Source of acquisition | Full call number | Accession Number | Koha item type |
|---|---|---|---|---|---|---|---|---|---|---|
| Fiction | Main Library | Main Library | SHELF 3- C- LADY BIRD STORY BOOKS | 18/07/2019 | PURCHASE | 823 LAN/T | 11336 | Books |